LIBRARY ONLINE CATALOGUE

The Doctrine of the knowledge of God / (Record no. 9714)

MARC details
000 -LEADER
fixed length control field 00624cam a22002052 4500
001 - CONTROL NUMBER
control field 0000021542
005 - DATE AND TIME OF LATEST TRANSACTION
control field 20151217152235.0
008 - FIXED-LENGTH DATA ELEMENTS--GENERAL INFORMATION
fixed length control field 120719s xx 000 0 eng d
020 ## - INTERNATIONAL STANDARD BOOK NUMBER
International Standard Book Number 0875522629 :
040 ## - CATALOGING SOURCE
Original cataloging agency KABU
Transcribing agency KABU
100 1# - MAIN ENTRY--PERSONAL NAME
Personal name Frame, John M.
-- 0000159380
245 14 - TITLE STATEMENT
Title The Doctrine of the knowledge of God /
Statement of responsibility, etc. John M. Frame.
260 ## - PUBLICATION, DISTRIBUTION, ETC. (IMPRINT)
Place of publication, distribution, etc. Phillipsburg, NJ. :
Name of publisher, distributor, etc. P & R,
Date of publication, distribution, etc. 1987.
300 ## - PHYSICAL DESCRIPTION
Extent xviii, 437 p.
650 #0 - SUBJECT ADDED ENTRY--TOPICAL TERM
Topical term or geographic name as entry element Apologetics
Chronological subdivision 20th century.
-- 0000148816
650 #0 - SUBJECT ADDED ENTRY--TOPICAL TERM
Topical term or geographic name as entry element God
General subdivision Knowableness.
-- 0000149379
852 1# - LOCATION
-- p1000 KES
908 ## - PUT COMMAND PARAMETER (RLIN)
Put command parameter 120719
950 ## - LOCAL HOLDINGS (RLIN)
-- 1
Holdings
Withdrawn status Lost status Source of classification or shelving scheme Not for loan Home library Current library Date acquired Total Checkouts Full call number Barcode Date last seen Price effective from Koha item type
    Library of Congress Classification   Kabarak, Main Campus Kabarak, Main Campus 17/12/2015   BT102 .F73 1987 c. 1 013521 02/08/2024 17/12/2015 General Collection